000 00439nmm a2200157Ia 4500
008 251105s9999||||xx |||||||||||||||||und||
041 _aspa
100 _aEmar, Juan
245 0 _aMiltín 1934
264 _a[Santiago de Chile, Chile] :
_bMago Editores,
_c2011
300 _a172 páginas
490 _aGrandes escritores
650 _aLatin American narrative
856 _uhttps://public.digitaliapublishing.com/a/33380
942 _cCF
999 _c99386
_d99386